天外金球

資料類型: Book 圖書   書目號:48955

Leader xxxxxxxxxx
001 __ PCLIS00048955
005 __ 19960813191651.0008
010 0_ |a9573900602|b平裝|dNT$100
042 __ |anbi9801aas
090 __ |a(nbi)b15996001
100 __ |a19920612d1987     bb 1chiy0109    e
101 __ |a
102 __ |atw
105 __ |afyyyzzzz000ay
200 1_ |a天外金球|e|f倪匡著
205 __ |a六版
210 __ |a臺北市|c遠景|d民76
215 0_ |a258面, 彩圖版[2]葉|c|d19公分
225 0_ |a遠景叢刊|v178
225 0_ |a倪匡科幻小說全集|v11
300 __ |a
681 __ |a857.7
700 _1 |a|b|f1935-|4|3NO000211426
702 __ |a|b|4
801 _0 |bTML
詳細館藏(共 1 筆)
索 書 號登 錄 號冊次號館別 / 館藏地流通類型狀態加入預約清單電子資源
857.7 / 8750 2020026 v11 圖書館 / 一樓普通區 可外借30天 在館   

| 條列資料




目錄查詢 分類查詢 個人資料 圖書薦購 新書查詢 閉館日 排行榜 更多電子資源 Hami書城 線上資料庫 登出

From : 216.73.217.52

  本日流通累計至 20:54:50 借閱 : 0 次 續借 : 0 次 歸還 : 0 次 預約 : 0 次 電子資源 : 0 次


內湖高中圖書館  PCLIS 版本  26.5.0.12